| 000 | 00532nam a22001577a 4500 | ||
|---|---|---|---|
| 999 |
_c371522 _d371522 |
||
| 008 | 201207b ||||| |||| 00| 0 eng d | ||
| 040 |
_aDE-2950 _bger _cDE-2950 _erda |
||
| 245 |
_aDer Kirchenmaler Robert Sandfort und sein Werk / _cAnnett Xenia Schulz |
||
| 264 | _c2021 | ||
| 653 | _aSandfort, Robert, Kunstmaler (1880-1945) | ||
| 773 |
_dAachen: Geymüller Verlag für Architektur _g(2021) Heft II., S. 41-49 _tBrandenburgische Denkmalpflege |
||
| 942 | _cA | ||